| 000 -LEADER |
| fixed length control field |
00709nam a2200205Ia 4500 |
| 001 - CONTROL NUMBER |
| control field |
3195 |
| 003 - CONTROL NUMBER IDENTIFIER |
| control field |
GE_BSU |
| 008 - FIXED-LENGTH DATA ELEMENTS--GENERAL INFORMATION |
| fixed length control field |
181216s||||||||xx |||||||||||||| ||und|| |
| 040 ## - CATALOGING SOURCE |
| Transcribing agency |
GE_BSU |
| 080 ## - UNIVERSAL DECIMAL CLASSIFICATION NUMBER |
| Universal Decimal Classification number |
621.65+621.51(075.8) |
| 100 ## - MAIN ENTRY--PERSONAL NAME |
| Personal name |
Березин,В.Л. Бородавкин,П.П. Куриц,С.Я. и др. |
| 245 ## - TITLE STATEMENT |
| Title |
Строительство и монтаж насосных и компрессорных станций. |
| 245 ## - TITLE STATEMENT |
| Remainder of title |
Учебник. |
| 260 ## - PUBLICATION, DISTRIBUTION, ETC. |
| Place of publication, distribution, etc. |
М. |
| 260 ## - PUBLICATION, DISTRIBUTION, ETC. |
| Name of publisher, distributor, etc. |
Недра. |
| 260 ## - PUBLICATION, DISTRIBUTION, ETC. |
| Date of publication, distribution, etc. |
1974. |
| 300 ## - PHYSICAL DESCRIPTION |
| Extent |
272 стр.с илл. 22 см. |
| 653 ## - INDEX TERM--UNCONTROLLED |
| Uncontrolled term |
Строительство и монтаж насосных и компрессорных станций. |
| 942 ## - ADDED ENTRY ELEMENTS (KOHA) |
| Koha item type |
წიგნი |